Online
Catalog

Poesías líricas / (Record no. 17922)

MARC details
000 -CABECERA
campo de control de longitud fija 00804cam a2200241 a 4500
001 - NÚMERO DE CONTROL
campo de control 000018401
005 - FECHA Y HORA DE LA ÚLTIMA TRANSACCIÓN
campo de control 20200929165507.0
008 - DATOS DE LONGITUD FIJA--INFORMACIÓN GENERAL
campo de control de longitud fija 780306s1941 sp b 000 p spa d
040 ## - FUENTE DE LA CATALOGACIÓN
Centro catalogador/agencia de origen DO-SdBNP
Lengua de catalogación spa
Centro/agencia transcriptor BNPHU
082 ## - NÚMERO DE LA CLASIFICACIÓN DECIMAL DEWEY
Número de clasificación 861.3
Número de documento/Ítem V422po
049 ## - FONDOS LOCALES (OCLC)
Fondos de biblioteca BNGR
100 1# - ENTRADA PRINCIPAL--NOMBRE DE PERSONA
Nombre de persona Vega, Lope de,
Fechas asociadas al nombre 1562-1635
9 (RLIN) 3084
245 10 - MENCIÓN DE TÍTULO
Título Poesías líricas /
Mención de responsabilidad, etc. Lope de Vega.
260 ## - PUBLICACIÓN, DISTRIBUCIÓN, ETC.
Lugar de publicación, distribución, etc. Madrid :
Nombre del editor, distribuidor, etc. Espasa-Calpe,
Fecha de publicación, distribución, etc. 1941.
300 ## - DESCRIPCIÓN FÍSICA
Extensión v. ;
Dimensiones 20 cm.
490 ## - MENCIÓN DE SERIE
Mención de serie Clásicos castellanos
Designación de volumen o secuencia 68, 75
500 ## - NOTA GENERAL
Nota general La biblioteca posse el volumen 1 y 2.
505 0# - NOTA DE CONTENIDO CON FORMATO
Información miscelánea v.1.
Título Primeros romances. Letras para cantar. Sonetos --
Información miscelánea v.2.
Título Canciones. Epístolas. Romances. Poemas diversos.
650 #4 - PUNTO DE ACCESO ADICIONAL DE MATERIA--TÉRMINO DE MATERIA
Término de materia o nombre geográfico como elemento de entrada Poesía lírica
9 (RLIN) 3066
650 #4 - PUNTO DE ACCESO ADICIONAL DE MATERIA--TÉRMINO DE MATERIA
Término de materia o nombre geográfico como elemento de entrada Literatura española
9 (RLIN) 632
830 #0 - PUNTO DE ACCESO ADICIONAL DE SERIE-TÍTULO UNIFORME
Título uniforme Clásicos castellanos ;
Designación de volumen o secuencia 68, 75
9 (RLIN) 4180
910 ## - DATOS DE OPCIÓN DEL USUARIO (OCLC)
Datos de opción del usuario WM
Holdings
Estado de retiro Estado de pérdida Restricciones de uso No para préstamo Código de colección Localización permanente Ubicación/localización actual Ubicación en estantería Fecha de adquisición Número de inventario Total de préstamos Signatura topográfica completa Código de barras Fecha visto por última vez Precio válido a partir de Tipo de ítem Koha
        Monografías: Libros y Folletos General General Depósito 04.05.2010 LF1   861.3 V422po | v.1 18401-10 25.06.2020 25.06.2020 Préstamo en sala
        Monografías: Libros y Folletos General General Depósito 11.05.2010 LF1   861.3 V422po | v.2 18401-20 25.06.2020 25.06.2020 Préstamo en sala

Powered by Koha